000 00631nam a2200205Ia 4500
005 20250508164728.0
008 008 250505s9999 xx 000 0 eng d
037 _aTextual
040 _aFEDL
_beng
_cFEDL
041 _aeng
_2eng
084 _a370.95, UNE
_qFEDL
245 0 _aChallenges of education for all in Asia and the Pacific and the APPEAL response
245 0 _cUNESCO
260 _aBangkok, Thailand
_bUNESCO Regional Office for Education in Asia and the Pacific
_c1997
300 _aiv,175p.
365 _aUSD
_b2
546 _aMACESE
942 _cTEXL
_h370.95, UNE
999 _c1390798
_d1390798